| 000 | 01231nam a2200217Ia 4500 | ||
|---|---|---|---|
| 003 | Ost | ||
| 005 | 20260507075102.0 | ||
| 008 | 260507s9999||||xx |||||||||||||| ||und|| | ||
| 040 | _cfsecg | ||
| 041 | _aara | ||
| 082 | _a658.15 | ||
| 100 |
_aعفانه، جهاد عبد الله _eمؤلف |
||
| 245 | 0 |
_aإدارة المشاريع الصغيرة / _c جهاد عبد الله عفانه |
|
| 260 |
_aعمان: _bدار اليازوري العلمية, _c2004 |
||
| 300 |
_a256 صفحة؛ _c25 سم |
||
| 504 | _aالمراجع ص.253 | ||
| 520 | _aالمدخل إلى المشروعات الصغيرة،الملكية،تأسيس المشروع الصغير،مصادر تمويل المشروعات الصغيرة،إختيار الموقع للمشروع الصغير،إدارة المشتريات والمستودعات في المشروعات الصغيرة،قروض العملاء/الإئتمان والتحصيل،التأمين والمخاطرة والسرقة،الدولة والمشاريع الصغيرة،لمحة عن المشاريع الصغيرة في الأردن | ||
| 653 | _aالمشروعات-تمويل | ||
| 700 |
_aقاسم، موسى أبو عيد _eمؤلف ثانوي |
||
| 942 | _cكتاب | ||
| 999 |
_c42808 _d42808 |
||